KOHA-Header-6

Who Rules The World (Record no. 12721)

000 -LEADER
fixed length control field 00252nam a22001217a 4500
020 ## - INTERNATIONAL STANDARD BOOK NUMBER
ISBN 9780241189450
082 ## - DEWEY DECIMAL CLASSIFICATION NUMBER
Classification number 327.37
100 ## - MAIN ENTRY--AUTHOR NAME
Personal name Chomsky,Noam
245 ## - TITLE STATEMENT
Title Who Rules The World
260 ## - PUBLICATION, DISTRIBUTION, ETC. (IMPRINT)
Place of publication UK
Name of publisher Penguin Books
Year of publication 2017
300 ## - PHYSICAL DESCRIPTION
Number of Pages 318
942 ## - ADDED ENTRY ELEMENTS (KOHA)
Koha item type Books
Holdings
Withdrawn status Lost status Collection code Permanent Location Current Location Shelving location Date acquired Full call number Accession Number Koha item type
    Non-fiction MAJU MAJU Shelf No.A14 2020-12-29 327.37 9899 English Literature

Powered by Koha